Statistiken für Westlichste Städte Österreichs

Klicken Sie hier um das Quiz zu spielen!

Allgemein

  • Dieses Quiz wurde 40 mal gespielt
  • Das Durchschnittsergebnis liegt bei 12 aus 20

Antwortstatistiken

EinwohnerLängengradBundeslandStadt% Korrekt
29.8009°45' OVorarlbergBregenz
100%
33.9009°36' OVorarlbergFeldkirch
97%
49.6009°45' OVorarlbergDornbirn
94%
132.10011°24' OTirolInnsbruck
92%
14.6009°49' OVorarlbergBludenz
78%
10.60010°44' OTirolImst
72%
19.46112°10' OTirolKufstein
72%
13.60011°42' OTirolSchwaz
72%
22.9009°40' OVorarlbergLustenau
69%
16.6009°40' OVorarlbergHohenems
64%
14.01112°04' OTirolWörgl
64%
13.90011°30' OTirolHall in Tirol
56%
11.90012°46' OTirolLienz
56%
15.90011°04' OTirolTelfs
53%
13.6009°41' OVorarlbergHard
42%
11.8009°39' OVorarlbergRankweil
42%
16.80012°51' OSalzburgSaalfelden
39%
11.7009°38' OVorarlbergGötzis
33%
10.3009°44' OVorarlbergLauterach
31%
13.20012°58' OSalzburgWals-Siezenheim
14%

Verteilung der Resultate

Perzentil nach korrekt beantworteten Fragen

Anzahl Personen mit jedem Resultat

Ihre Resultats-Entwicklung

Sie haben dieses Quiz noch nicht gespielt